<?xml version="1.0" encoding="UTF-8"?><?xml-stylesheet type="text/xsl" href="static/style.xsl"?><OAI-PMH xmlns="http://www.openarchives.org/OAI/2.0/" xmlns:xsi="http://www.w3.org/2001/XMLSchema-instance" xsi:schemaLocation="http://www.openarchives.org/OAI/2.0/ http://www.openarchives.org/OAI/2.0/OAI-PMH.xsd"><responseDate>2026-06-02T13:09:35Z</responseDate><request verb="GetRecord" identifier="oai:riuma.uma.es:10630/40076" metadataPrefix="marc">https://riuma.uma.es/rest/oai/request</request><GetRecord><record><header><identifier>oai:riuma.uma.es:10630/40076</identifier><datestamp>2026-02-03T10:59:54Z</datestamp><setSpec>com_10630_2254</setSpec><setSpec>col_10630_37953</setSpec></header><metadata><record xmlns="http://www.loc.gov/MARC21/slim" xmlns:dcterms="http://purl.org/dc/terms/" xmlns:doc="http://www.lyncode.com/xoai" xmlns:xsi="http://www.w3.org/2001/XMLSchema-instance" xsi:schemaLocation="http://www.loc.gov/MARC21/slim http://www.loc.gov/standards/marcxml/schema/MARC21slim.xsd">
   <leader>00925njm 22002777a 4500</leader>
   <datafield ind2=" " ind1=" " tag="042">
      <subfield code="a">dc</subfield>
   </datafield>
   <datafield ind2=" " ind1=" " tag="720">
      <subfield code="a">Marcos-Cobaleda, María</subfield>
      <subfield code="e">author</subfield>
   </datafield>
   <datafield ind2=" " ind1=" " tag="720">
      <subfield code="a">Pirot, Françoise</subfield>
      <subfield code="e">author</subfield>
   </datafield>
   <datafield ind2=" " ind1=" " tag="260">
      <subfield code="c">2016</subfield>
   </datafield>
   <datafield ind2=" " ind1=" " tag="520">
      <subfield code="a">Cet article a pour objectif d’identifier et de caractériser les muqarnas dans la Méditerranée médiévale (XIIe-XVe siècles). Les muqarnas constituent un élément décora- tif, utilisé depuis le IXe siècle dans l’art islamique oriental puis dans l’art des différentes sociétés méditerranéennes pendant le Moyen Âge. À partir de la modélisation spatiale des muqarnas ainsi que de leur géospatialisation dans les différentes parties ou sous- ensembles d’un même bâtiment, nous analysons, d’une part, le rôle des Almoravides comme diffuseurs et développeurs de cet élément artistique dans l’art islamique occidental, et d’autre part, l’impact réel de cet art à travers la Méditerranée pendant les derniers siècles du Moyen Âge.</subfield>
   </datafield>
   <datafield ind1="8" ind2=" " tag="024">
      <subfield code="a">MARCOS COBALEDA, María; PIROT, Françoise. “Les muqarnas dans la Méditerranée médiévale depuis l’époque almoravide jusqu’à la fin du XVe siècle”, Histoire et Mesure, XXXI-2 (2016): 11-39. DOI: 10.4000/histoiremesure.5439.</subfield>
   </datafield>
   <datafield ind1="8" ind2=" " tag="024">
      <subfield code="a">https://hdl.handle.net/10630/40076</subfield>
   </datafield>
   <datafield ind1="8" ind2=" " tag="024">
      <subfield code="a">10.4000/histoiremesure.5439</subfield>
   </datafield>
   <datafield tag="653" ind2=" " ind1=" ">
      <subfield code="a">Decoración y ornamentación islámicas</subfield>
   </datafield>
   <datafield tag="653" ind2=" " ind1=" ">
      <subfield code="a">Arte islámico - S. XII-XV</subfield>
   </datafield>
   <datafield tag="653" ind2=" " ind1=" ">
      <subfield code="a">Almorávides</subfield>
   </datafield>
   <datafield ind2="0" ind1="0" tag="245">
      <subfield code="a">Les muqarnas dans la Méditerranée médiévale depuis l’époque almoravide jusqu’à la fin du XVe siècle.</subfield>
   </datafield>
</record>
</metadata></record></GetRecord></OAI-PMH>